Servicio de Cartografía y Fotogrametría. Diputación Provincial de Barcelona
Descripción Física:
16 p. : il., principalment col. ; 24 cm
MARC
| LEADER | 00000nam a2200000Ia 4500 | ||
|---|---|---|---|
| 001 | 7977 | ||
| 008 | 160829s1976 xx 000 0 cat d | ||
| 080 | |a FU-7-26 | ||
| 110 | 1 | |a Barcelona (Catalunya : Província). |b Servicio de Cartografía y Fotogrametría |9 55232 | |
| 245 | |a Servicio de Cartografía y Fotogrametría. Diputación Provincial de Barcelona | ||
| 250 | |a 2a ed. | ||
| 260 | |a Barcelona : |b [el Servicio], |c 1976 | ||
| 300 | |a 16 p. : |b il., principalment col. ; |c 24 cm | ||
| 590 | |a Hi ha un duplicat: DUP-186-64 | ||
| 650 | |a Barcelona. Diputació. Servei de Cartografia i Fotogrametria |x Catàlegs |9 37710 | ||
| 650 | |a Cartografia |x Catalunya |x Catàlegs |9 37711 | ||
| 650 | |a Fotogrametria |x Catalunya |x Catàlegs |9 37712 | ||
| 901 | |a Arxiu | ||
| 942 | |n 1 | ||
| 952 | |0 0 |1 0 |4 0 |6 FU726 |7 1 |9 48018 |a Arxiu |b Arxiu |d 2016-12-01 |l 0 |o FU-7-26 |p 7977 |r 2016-12-01 00:00:00 |w 2016-12-01 |y ARXIU | ||
| 999 | |c 51819 |d 51819 | ||